[Event "EIO (Open)"]
[Site "Pocatello, ID"]
[Date "2006.09.15"]
[Round "1.2"]
[White "Zumbrunnen, Randy D"]
[Black "Owen, Gary"]
[Result "1-0"]
[WhiteElo "2000"]
[BlackElo "1521"]

1. e4 c5 2. Nc3 Nc6 3. g3 g6 4. Bg2 Bg7 5. d3 d6 6. f4 Nf6 7. Nf3 Bg4 8. h3
Bd7 9. O-O O-O 10. Be3 Qc8 11. g4 h5 12. g5 Ne8 13. Kh2 Nc7 14. a3 Ne6 15. Qd2
Ned4 16. Nh4 e6 17. Rae1 a6 18. Nd1 Nb5 19. c3 Ne7 20. Qf2 f5 21. a4 Na7 22.
e5 dxe5 23. Bxc5 Nac6 24. Bxc6 Kh7 25. Bxe7 Rf7 26. Bxd7 Qxd7 27. Bc5 Qxd3 28.
fxe5 Qd5 29. Bd6 Rc8 30. Kg1 Qd3 31. Ne3 Rd7 32. Rd1 Qe4 33. Rd4 Qc6 34. Rc4
Qxc4 35. Nxc4 Rxc4 36. a5 Ra4 37. b4 Rd8 38. Qc2 Ra3 39. Qb2 Rxc3 40. Qxc3
Rxd6 41. Qc7 Rd4 42. Nf3 Rxb4 43. Rd1 Rb5 {#r} 1-0

[Event "EIO (Open)"]
[Site "Pocatello, ID"]
[Date "2006.09.15"]
[Round "1.3"]
[White "Jiang, Adam Z"]
[Black "Taylor, Daniel A"]
[Result "0-1"]
[WhiteElo "1393"]
[BlackElo "1935"]

1. e4 e5 2. Nf3 Nc6 3. d4 exd4 4. Nxd4 Nf6 5. Nc3 Bb4 6. Bg5 Qe7 7. f3 Qc5 8.
Nxc6 Bxc3+ 9. bxc3 Qxc3+ 10. Bd2 Qxc6 11. Bd3 O-O 12. O-O d6 13. Re1 Be6 14.
Qc1 Bc4 15. Bxc4 Qxc4 16. Qb2 Nd7 17. Re3 Nb6 18. Rc3 Qe2 19. Rd3 Nc4 20. Qc3
Nxd2 21. Rxd2 Qa6 22. Qxc7 Rac8 23. Qxd6 Qxd6 24. Rxd6 Rxc2 25. Rd7 Rb2 26.
Kf1 g6 27. a4 Rc8 28. h3 Rcc2 29. g4 Rf2+ 30. Ke1 Rh2 {#R} 0-1

[Event "EIO (Open)"]
[Site "Pocatello, ID"]
[Date "2006.09.15"]
[Round "1.4"]
[White "Roland, Jeffrey T"]
[Black "Kircher, Caleb Paul"]
[Result "1-0"]
[WhiteElo "1700"]
[BlackElo "1315"]

1. e4 c5 2. Nf3 Nc6 3. d4 cxd4 4. Nxd4 g6 5. Nc3 Bg7 6. Be3 Nf6 7. Qd2 Ng4 8.
Nxc6 bxc6 9. Bd4 e5 10. Bc5 Bf8 11. Bxf8 Rxf8 12. f3 Nf6 13. Bc4 Nh5 14. Ne2
d5 15. exd5 Qh4+ 16. g3 Qxc4 17. dxc6 Ba6 18. Qd7# 1-0

[Event "EIO (Open)"]
[Site "Pocatello, ID"]
[Date "2006.09.15"]
[Round "2.1"]
[White "Nowak, Gregory W"]
[Black "Zumbrunnen, Randy D"]
[Result "1-0"]
[WhiteElo "2187"]
[BlackElo "2000"]

1. g3 e5 2. c4 Nc6 3. Bg2 g6 4. Nc3 Bg7 5. Rb1 d6 6. b4 f5 7. b5 Nce7 8. e3
Nf6 9. Ba3 O-O 10. Nge2 a6 11. Qb3 Kh8 12. h4 axb5 13. Nxb5 Rb8 14. c5 dxc5
15. Bxc5 b6 16. Ba3 Nh5 17. Bf3 Bb7 18. Bxb7 Rxb7 19. d4 e4 20. Nf4 Nxf4 21.
gxf4 Rf6 22. h5 h6 23. hxg6 c6 24. Nd6 Rxd6 25. Qf7 Rxg6 26. Bxe7 Rd6 27. Bxd8
Rxf7 28. Bxb6 Rg6 29. a4 Bf8 30. Ke2 Bd6 31. a5 Kh7 32. a6 Rg8 33. a7 Rc8 34.
Rhc1 Rff8 35. Bc5 Bxc5 36. Rxc5 Ra8 37. Rb7+ Kg6 38. Rxc6+ Rf6 39. d5 h5 40.
Rbb6 Rxc6 41. dxc6 h4 42. c7+ Kh5 43. Rb8 Rxa7 44. c8=Q Kg4 45. Qh8 Kh3 46.
Rb2 Ra6 47. Qh5 Ra1 48. Qxf5+ {#r} 1-0

[Event "EIO (Open)"]
[Site "Pocatello, ID"]
[Date "2006.09.15"]
[Round "2.2"]
[White "Taylor, Daniel A"]
[Black "Roland, Jeffrey T"]
[Result "0-1"]
[WhiteElo "1935"]
[BlackElo "1700"]

1. e4 e6 2. d4 d5 3. Nc3 dxe4 4. Nxe4 Nd7 5. Nf3 Ngf6 6. Ng3 Be7 7. Bd3 c5 8.
c3 O-O 9. O-O cxd4 10. cxd4 Nd5 11. Bd2 N7f6 12. Qe2 a6 13. Ne5 Bd7 14. h3 Qb6
15. Be3 Rfd8 16. Nh5 g6 17. Nxf6+ Bxf6 18. Nc4 Qb4 19. a3 Qe7 20. Ne5 Be8 21.
Ng4 Bg7 22. Rac1 h5 23. Ne5 Bxe5 24. dxe5 Nxe3 25. Qxe3 Rxd3 26. Qxd3 Bb5 27.
Qe3 Bxf1 28. Kxf1 Qd7 29. Qb6 Rc8 30. Rxc8+ Qxc8 31. Qd4 Qc1+ 32. Ke2 Qc2+ 33.
Qd2 Qe4+ 34. Kf1 Qxe5 35. Qb4 Qb5+ 36. Qxb5 axb5 37. Ke2 Kf8 38. Kd3 Ke7 39.
Kd4 Kd6 40. f4 b6 41. g4 hxg4 42. hxg4 f6 43. b4 e5+ 44. fxe5+ fxe5+ 45. Ke4
Ke6 46. g5 Kd6 47. Ke3 Kd5 48. Kd3 e4+ 49. Ke3 Ke5 50. Ke2 Kf4 {#R} 0-1

[Event "EIO (Open)"]
[Site "Pocatello, ID"]
[Date "2006.09.15"]
[Round "2.4"]
[White "Owen, Gary"]
[Black "Jiang, Adam Z"]
[Result "0-1"]
[WhiteElo "1598"]
[BlackElo "1393"]

1. c4 e5 2. Nc3 Nf6 3. Nf3 Nc6 4. d4 exd4 5. Nxd4 g6 6. Nxc6 bxc6 7. Bg5 Bg7
8. e4 d6 9. Qd4 c5 10. Qd3 Bb7 11. O-O-O O-O 12. Be2 Rb8 13. h4 h6 14. g4 hxg5
15. hxg5 Nh7 16. f4 Nxg5 17. fxg5 Qxg5+ 18. Kc2 Bh6 19. Qh3 Kg7 20. Nd5 Rh8
21. Bf3 c6 22. Nc3 Qe5 23. Qg2 Bg5 24. Rxh8 Rxh8 25. Rh1 Rxh1 26. Qxh1 Qf4 27.
Qd1 Kf6 28. Nb1 Qh2+ 29. Qe2 Qxe2+ 30. Bxe2 Ke5 31. Kd3 Bc8 32. Bd1 Kf4 33.
Ba4 Bd7 34. Nc3 Bf6 35. Ne2+ Kxg4 36. b3 g5 37. Ke3 Bd4+ 38. Nxd4 cxd4+ 39.
Kxd4 Kf3 40. Kd3 g4 41. b4 g3 42. Bd1+ Kf2 {#R} 0-1

[Event "EIO (Open)"]
[Site "Pocatello, ID"]
[Date "2006.09.15"]
[Round "3.1"]
[White "Roland, Jeffrey T"]
[Black "Zumbrunnen, Randy D"]
[Result "0-1"]
[WhiteElo "1700"]
[BlackElo "2000"]

1. d4 d5 2. Nf3 Nf6 3. c4 c6 4. Nc3 dxc4 5. a4 Bf5 6. Ne5 Nbd7 7. Nxc4 Qc7 8.
g3 e5 9. dxe5 Nxe5 10. Bf4 Nfd7 11. Nxe5 Nxe5 12. Bg2 Bc5 13. O-O O-O 14. e4
Be6 15. Qc2 f6 16. Rac1 Qf7 17. Kh1 Bb3 18. Qb1 Bc4 19. Bxe5 Bxf1 20. Bxf1
fxe5 21. Nd1 Qe7 22. Qc2 Rad8 23. Ne3 Bxe3 24. fxe3 Rf3 {#R} 0-1

[Event "EIO (Open)"]
[Site "Pocatello, ID"]
[Date "2006.09.15"]
[Round "3.3"]
[White "Kircher, Caleb Paul"]
[Black "DeGuzman, Eric S"]
[Result "1-0"]
[WhiteElo "1315"]
[BlackElo "1717"]

1. e4 e6 2. d4 c5 3. Nf3 Nc6 4. Nc3 cxd4 5. Nxd4 Bc5 6. Be3 Qb6 7. Ndb5 Bxe3
8. Nd6+ Ke7 9. fxe3 Qxe3+ 10. Be2 Nf6 11. Rf1 Rd8 12. Ncb5 a6 13. Nf5+ Kf8 14.
Qd6+ Kg8 15. Nxe3 axb5 16. Bxb5 Nxe4 17. Qf4 Nf6 18. Ng4 Nxg4 19. Qxg4 Ne5 20.
Qf4 f6 21. g4 d6 22. h4 b6 23. h5 Rf8 24. g5 Bb7 25. g6 h6 26. a4 Rac8 27.
O-O-O Rfd8 28. Qd4 Bf3 29. Rxf3 Nxf3 30. Qxb6 Rb8 31. Rxd6 Rdc8 32. Qa7 Ne5
33. Bd7 Rf8 34. Bxe6+ Kh8 35. Bd5 f5 36. Re6 Rbe8 37. Rxe8 Rxe8 38. Bf7 Nxf7
39. gxf7 {#r} 1-0

[Event "EIO (Open)"]
[Site "Pocatello, ID"]
[Date "2006.09.16"]
[Round "4.1"]
[White "Roland, Jeffrey T"]
[Black "Nowak, Gregory W"]
[Result "0-1"]
[WhiteElo "1700"]
[BlackElo "2187"]

1. e4 e5 2. Nf3 d6 3. d4 exd4 4. Nxd4 g6 5. Bc4 Bg7 6. O-O Nc6 7. Be3 a6 8.
Nc3 Nh6 9. f3 Ne5 10. Be2 c5 11. Nb3 f5 12. Qd5 Qe7 13. Rad1 Nhf7 14. Na5 Rb8
15. Nc4 Bf8 16. Nxe5 Nxe5 17. Qd2 Be6 18. Bg5 Qf7 19. b3 h6 20. Bf4 Be7 21.
Nd5 Bxd5 22. Qxd5 Qxd5 23. Rxd5 Nc6 24. c3 fxe4 25. fxe4 Rd8 26. Rfd1 Rf8 27.
Bxh6 Rf6 28. Bg5 Re6 29. Bxe7 Kxe7 30. Rg5 Ne5 31. Rf1 Rf6 32. Rxf6 Kxf6 33.
h4 Rh8 34. g3 b5 35. Kf2 Rb8 36. Ke3 b4 37. c4 Rf8 38. Kf4 Kg7+ 39. Ke3 Kh6
40. Bd3 a5 41. Be2 a4 42. Bd1 axb3 43. axb3 Ra8 44. Rxe5 dxe5 45. g4 Ra1 46.
Ke2 Ra2+ 47. Kf3 Rh2 48. Kg3 Rd2 49. g5+ Kg7 50. Bg4 Rd3+ 51. Kf2 Rxb3 52. h5
gxh5 53. Bxh5 Rc3 {#R} 0-1

[Event "EIO (Open)"]
[Site "Pocatello, ID"]
[Date "2006.09.16"]
[Round "4.3"]
[White "Jiang, Adam Z"]
[Black "Kircher, Caleb Paul"]
[Result "1/2-1/2"]
[WhiteElo "1393"]
[BlackElo "1315"]

1. e4 c5 2. Nf3 Nc6 3. d4 cxd4 4. Nxd4 g6 5. Be3 Bg7 6. Nc3 Nf6 7. Bc4 d6 8.
Bb3 Ng4 9. Nxc6 bxc6 10. Bg5 h6 11. Bh4 g5 12. Bg3 Qa5 13. Qf3 O-O 14. h3 Ne5
15. Bxe5 Bxe5 16. O-O e6 17. Rfe1 f5 18. Qd3 f4 19. Qf3 Kh7 20. Rad1 Bd7 21.
Kh1 Rf6 22. Rd3 Rg8 23. Qg4 c5 24. Red1 Qc7 25. Ba4 Bxa4 26. Nxa4 Qc6 27. Nc3
Qe8 28. Qe2 h5 29. f3 Bd4 30. e5 dxe5 31. Ne4 Rh6 32. c3 Be3 33. Rd7+ Kh8 34.
Nxg5 Rf8 35. Nf7+ Rxf7 36. Rd8 Rf8 37. Rxe8 Rxe8 38. Qa6 Rh7 39. Rd6 Rhe7 40.
Qc6 Rb8 {(It appears that White was short of time and a draw occured about 2
moves later. The score sheet does not indicate exactly what happened, but
whatever it is, it seems to have happened on c1 or possibly c8, and it appears
to be a move by the Queen and is a capture. If either player could let us know
what happened, we could update the game to reflect that for the record. )}
{#d} 1/2-1/2

[Event "EIO (Open)"]
[Site "Pocatello, ID"]
[Date "2006.09.16"]
[Round "4.4"]
[White "DeGuzman, Eric S"]
[Black "Owen, Gary"]
[Result "1-0"]
[WhiteElo "1717"]
[BlackElo "1598"]

1. e4 e5 2. Nf3 d6 3. Bc4 Be7 4. Nc3 c5 5. h3 h6 6. O-O Nf6 7. d3 O-O 8. Nh2
Be6 9. Bb3 Bxb3 10. axb3 Nh7 11. Nd5 Nc6 12. Qg4 Kh8 13. f4 Nf6 14. Nxf6 Bxf6
15. f5 Nd4 16. Rf2 b5 17. Be3 a5 18. Nf3 Qe7 19. Raf1 a4 20. bxa4 Rxa4 21.
Nxd4 cxd4 22. Bc1 Rfa8 23. Qh5 Ra1 24. Kh2 Bg5 25. Bxg5 Qxg5 26. Qxf7 Rxf1 27.
Rxf1 Rc8 28. Rf2 Qf6 29. Qb7 Qd8 30. b3 Rb8 31. Qd5 b4 32. Qf7 Qf6 33. Qh5 Ra8
34. h4 Kg8 35. g4 Qf7 36. Qxf7+ Kxf7 37. g5 hxg5 38. hxg5 Rh8+ 39. Kg3 Rh5 40.
Kg4 Rh1 41. Rg2 Rf1 42. Rh2 Rf4+ 43. Kh5 Rf1 44. g6+ Kf6 45. Kg4 Rg1+ 46. Kf3
Rf1+ 47. Ke2 Rc1 48. Kd2 Rf1 49. Rh8 Rf2+ 50. Kc1 Rf1+ 51. Kb2 d5 52. Rf8+ Kg5
53. Rf7 dxe4 54. dxe4 Rf4 55. Rxg7 Rxe4 56. Rf7 Kh6 57. Rh7+ Kg5 58. g7 {#r}
1-0

[Event "EIO (Open)"]
[Site "Pocatello, ID"]
[Date "2006.09.16"]
[Round "5.1"]
[White "Nowak, Gregory W"]
[Black "Jiang, Adam Z"]
[Result "1-0"]
[WhiteElo "2187"]
[BlackElo "1393"]

1. g3 e5 2. c4 Nf6 3. Bg2 c6 4. d4 exd4 5. Qxd4 d5 6. Bd2 dxc4 7. Qxc4 Be6 8.
Qc2 Nbd7 9. Nf3 g6 10. Nd4 Bd5 11. e4 Qe7 12. Nc3 Be6 13. O-O Bg7 14. Na4 O-O
15. Rfe1 Rfe8 16. Nb3 Bxb3 17. Qxb3 Ne5 18. f4 Ned7 19. Rac1 h6 20. Bb4 Qe6
21. Qxe6 Rxe6 22. e5 Nh7 23. Bh3 f5 24. exf6 Rxe1+ 25. Rxe1 Nhxf6 26. Be6+ Kh8
27. Bf7 Kh7 28. Bd6 Rd8 29. Be7 Rc8 30. Rd1 Nf8 31. Bb4 N8d7 32. Be6 Rd8 33.
f5 g5 34. Nc5 Nd5 35. Rxd5 cxd5 36. Nxd7 Re8 37. b3 d4 38. Kf1 b6 39. Ke2 Kh8
40. Kd2 Kh7 41. Ba3 Kh8 42. Bb2 Kh7 43. Kd3 Re7 44. Bxd4 Bxd4 45. Kxd4 Re8 46.
Nf6+ {#r} 1-0

[Event "EIO (Open)"]
[Site "Pocatello, ID"]
[Date "2006.09.16"]
[Round "5.2"]
[White "Kircher, Caleb Paul"]
[Black "Zumbrunnen, Randy D"]
[Result "0-1"]
[WhiteElo "1315"]
[BlackElo "2000"]

1. f4 d5 2. Nf3 Nf6 3. e3 g6 4. d4 Bg7 5. Bd3 O-O 6. Nc3 c5 7. O-O b6 8. Bd2
Bb7 9. Nh4 Ne4 10. Bxe4 dxe4 11. dxc5 bxc5 12. Be1 Qb6 13. Nd5 Qd6 14. Nc3 Qc6
15. Qg4 Ba6 16. Rf2 f5 17. Qg5 Nd7 18. g4 e6 19. gxf5 exf5 20. Rd1 Nb6 21.
Rfd2 Bf6 22. Qg2 Be7 23. Nd5 Nxd5 24. Rxd5 Bc8 25. b3 Be6 26. Nxg6 Qb6 27.
Nxe7+ Kf7 28. Rd6 Qc7 29. Qh3 Qxe7 30. Qh5+ Kg8 31. R1d2 Rf7 32. Bh4 Rg7+ 33.
Kh1 Bf7 34. Qh6 Qf8 35. Bg5 Rg6 36. Qxf8+ Kxf8 37. Rd8+ Rxd8 38. Rxd8+ Be8 39.
Ra8 h6 40. Bh4 a6 41. Rd8 c4 42. Rd5 cxb3 43. Rxf5+ Kg7 44. cxb3 Bb5 45. Bg3
Rd6 46. a4 Be2 47. Kg2 Rd2 48. Kh3 Rb2 49. Re5 Bd3 50. Re7+ Kg6 51. Kg4 Be2+
52. Kh4 Bd3 53. Rb7 Re2 54. f5+ Kxf5 55. Bf4 Rg2 56. Rf7+ Kg6 57. Rd7 Rb2 58.
Rd6+ Kf7 59. Rb6 Bf1 60. Kh5 Rf2 61. Kxh6 Bd3 62. b4 Bc2 63. Rb7+ Ke6 64. Rb6+
Kf5 65. Rxa6 Rxf4 66. exf4 e3 67. Ra8 e2 68. Re8 Be4 69. Rf8+ Ke6 70. f5+ Ke7
71. Kg7 Bxf5 72. Rxf5 e1=Q 73. Rf7+ Ke6 74. Rf6+ Ke5 75. b5 Qg1+ 76. Kf7 Qxh2
77. Re6+ Kd5 78. Re7 Qf4+ 79. Ke8 Qxa4 80. Rf7 Qxb5+ 81. Kf8 Ke6 82. Re7+ Kd6
83. Re1 Qf5+ 84. Kg7 Qg4+ 85. Kf7 Qf3+ 86. Kg6 Qg2+ 87. Kf7 Qf2+ {#R} 0-1

[Event "EIO (Open)"]
[Site "Pocatello, ID"]
[Date "2006.09.16"]
[Round "5.3"]
[White "Owen, Gary"]
[Black "Roland, Jeffrey T"]
[Result "0-1"]
[WhiteElo "1598"]
[BlackElo "1700"]

1. e4 e6 2. c4 c5 3. Nf3 Nc6 4. d3 g6 5. Nc3 Bg7 6. Be2 Nge7 7. Be3 b6 8. O-O
Bb7 9. Nb5 d6 10. Qd2 a6 11. Nc3 O-O 12. Bh6 f5 13. Bxg7 Kxg7 14. Ng5 Nd4 15.
f4 h6 16. Nf3 Nec6 17. Rae1 Qf6 18. Nxd4 Nxd4 19. Bd1 Rae8 20. e5 dxe5 21.
Rxe5 g5 22. Rfe1 g4 23. Nd5 Qd8 24. Rxe6 Rxe6 25. Rxe6 Nxe6 26. Nc3 Qd4+ 27.
Kf1 Qxf4+ 28. Qxf4 Nxf4 29. g3 Nxd3 30. b3 Re8 31. Be2 Ne5 {#R} 0-1

[Event "EIO (Reserve)"]
[Site "Pocatello, ID"]
[Date "2006.09.15"]
[Round "1.1"]
[White "Jiang, Robert Z"]
[Black "Yeaman, Donald"]
[Result "0-1"]
[WhiteElo "874"]
[BlackElo "1343"]

1. e4 e6 2. d4 d5 3. e5 c5 4. Bb5+ Bd7 5. Bxd7+ Nxd7 6. Be3 c4 7. Nc3 a6 8.
Nf3 Be7 9. O-O b5 10. a3 Qc7 11. Qd2 O-O-O 12. Bg5 f6 13. Bh4 g5 14. Bg3 h5
15. exf6 Qb7 16. fxe7 Nxe7 17. a4 Rdg8 18. Nxg5 Qc6 19. Qe1 Rxg5 20. Bh4 Rg7
21. Bxe7 Rxe7 22. f4 h4 23. h3 Rg7 24. Qf2 Rg3 25. Qd2 Rhg8 26. Rf2 Nf6 27.
Re1 Rxh3 28. Kf1 Rhg3 29. Ree2 Ng4 30. Rf3 Nh2+ 31. Kg1 Nxf3+ 32. Kf2 Nxd2 33.
Rxd2 Rxg2+ 34. Ke1 Rxd2 35. Kxd2 h3 36. Ke3 Qd6 {#R} 0-1

[Event "EIO (Reserve)"]
[Site "Pocatello, ID"]
[Date "2006.09.15"]
[Round "1.2"]
[White "Bennett, Tavis L"]
[Black "Avila, Joe L"]
[Result "0-1"]
[WhiteElo "1205"]
[BlackElo "732"]

1. e4 e5 2. Nf3 Nc6 3. Bb5 f6 4. Bxc6 dxc6 5. d4 Qd6 6. O-O Qe6 7. Be3 Bd6 8.
Nc3 Ne7 9. Qd2 Bd7 10. dxe5 fxe5 11. Rfd1 O-O 12. b4 Qg4 13. Ng5 h6 14. h3 Qh5
15. Nf3 b6 16. Qe2 Rad8 17. b5 Qg6 18. Nh4 Qe6 19. g4 Ng6 20. Nxg6 Qxg6 21.
Qc4+ Be6 22. Qxc6 Qf7 23. a4 Qf3 24. Kh2 Bxg4 25. hxg4 Qxg4 26. Rg1 Qh4+ 27.
Kg2 Bc5 28. Bxc5 bxc5 29. Qxc5 Rd2 30. Nd1 Qxe4+ 31. Kf1 Qe2+ 32. Kg2 Rxc2 33.
Qd5+ Kh7 34. Rf1 Rf6 35. Ra3 Rg6+ 36. Rg3 Rxg3+ 37. Kxg3 Qxf1 38. Qe4+ Kg8 39.
Qxc2 Qg1+ 40. Kf3 Qh1+ 41. Ke3 Qh3+ 42. f3 Qf1 43. Nf2 Qe1+ 44. Kd3 Qa1 45.
Ng4 Qd4+ 46. Ke2 Qf4 47. Qe4 Qxe4+ 48. fxe4 h5 49. Nxe5 Kh7 50. Kf3 Kh6 51.
Nc6 g5 52. Nxa7 g4+ 53. Kg3 Kg5 54. Nc6 h4+ 55. Kg2 Kf4 56. e5 h3+ 57. Kh2 Kf3
58. Nd4+ Kf2 59. Nf5 Kf3 60. Ng3 c5 61. bxc6 {#R} 0-1

[Event "EIO (Reserve)"]
[Site "Pocatello, ID"]
[Date "2006.09.15"]
[Round "2.1"]
[White "Yeaman, Donald"]
[Black "Bennett, Tavis L"]
[Result "1/2-1/2"]
[WhiteElo "1343"]
[BlackElo "1207"]

1. e4 e5 2. a3 Nc6 3. Bc4 b6 4. Ne2 Nf6 5. d3 Bb7 6. Nbc3 Bc5 7. b4 Bd4 8.
Nxd4 Nxd4 9. Ne2 c5 10. c3 Ne6 11. Ng3 d5 12. Bb5+ Nd7 13. Qa4 dxe4 14. Bxd7+
Qxd7 15. Qxd7+ Kxd7 16. dxe4 cxb4 17. axb4 Rhc8 18. Bd2 Nf4 19. Bxf4 exf4 20.
Rd1+ Ke6 21. Ne2 Bxe4 22. O-O f3 23. Nd4+ Kf6 24. Rfe1 Bd5 25. Re3 g6 26. Nxf3
Bxf3 27. Rxf3+ Kg7 28. Rd7 Rf8 29. Re3 Rad8 30. Red3 Rxd7 31. Rxd7 Rc8 32. Rd3
a5 33. bxa5 bxa5 34. Kf1 a4 35. Ke2 a3 36. c4 a2 37. Ra3 Rxc4 38. Rxa2 Rc3 39.
h3 h5 40. f3 g5 41. g3 g4 42. hxg4 hxg4 43. fxg4 Rxg3 44. Ra4 Kg6 45. Kf2 Rb3
46. Rf4 f6 47. Rf3 Rb5 48. Kg3 f5 {#d} 1/2-1/2

[Event "EIO (Reserve)"]
[Site "Pocatello, ID"]
[Date "2006.09.15"]
[Round "3.2"]
[White "Bennett, Tavis L"]
[Black "Ely, Joshua"]
[Result "1-0"]
[WhiteElo "732"]
[BlackElo "874"]

1. e4 c5 2. Nf3 d6 3. Bb5+ Bd7 4. Qe2 a6 5. Bxd7+ Qxd7 6. d4 cxd4 7. Nxd4 Nf6
8. Bg5 g6 9. Bxf6 exf6 10. Nc3 Nc6 11. Nxc6 Qxc6 12. Nd5 Bg7 13. O-O O-O 14.
c4 Rfe8 15. Rac1 Qc5 16. b4 Qa7 17. Nc7 f5 18. Nxe8 Rxe8 19. Rfe1 Rxe4 20. Qd3
Rxe1+ 21. Rxe1 Be5 22. c5 Qb8 23. Qd5 dxc5 24. Qxe5 Qxe5 25. Rxe5 cxb4 26. Re7
b5 27. Ra7 h5 28. Rxa6 g5 29. Rb6 Kg7 30. Rxb5 {#r} 1-0

[Event "EIO (Reserve)"]
[Site "Pocatello, ID"]
[Date "2006.09.15"]
[Round "3.3"]
[White "Avila, Joe L"]
[Black "Jiang, Robert Z"]
[Result "1/2-1/2"]
[WhiteElo "732"]
[BlackElo "874"]

1. g3 e5 2. Bg2 Nf6 3. Nc3 Bc5 4. Nf3 d5 5. e3 Nc6 6. O-O Bg4 7. h3 Bh5 8. Qe1
O-O 9. b3 e4 10. Nh2 Bb4 11. Bb2 Qd6 12. Nb5 Qe7 13. a3 Ba5 14. b4 Bb6 15. Rb1
a6 16. Nd4 Nxd4 17. exd4 c6 18. c3 Bg6 19. Rc1 Qe6 20. Qe2 Rfe8 21. Ng4 Nxg4
22. hxg4 Qf6 23. Bh3 Re6 24. Kg2 Qg5 25. Qe3 Qxe3 26. dxe3 Rae8 27. Rh1 Rf6
28. Rcf1 Ree6 29. f4 h6 30. f5 Bxf5 31. gxf5 Rd6 32. Rf4 Bc7 33. Rf2 g5 34. g4
Kg7 35. a4 b5 36. Ra1 Rd7 37. a5 Re7 38. Rh1 Bd6 39. Kg1 Kh7 40. Bc1 Kg7 41.
Bg2 Bg3 42. Rf1 Kh7 43. Bd2 Rd7 44. Rh3 Bd6 45. Be1 Kg7 46. Bg3 Bxg3 47. Rxg3
Re7 48. Ra1 Ra7 49. Bh3 Kh7 50. Rf1 Re7 51. Rf2 Kg7 52. Bg2 Rd7 53. Rh3 Kh7
54. Rh1 Re7 55. Rh3 Rd7 56. Bf1 Re7 57. Bg2 Kg7 58. Rg3 Kh7 59. Bh3 Kg7 60.
Bf1 Kh7 61. Rh2 Kg7 62. Rh5 Kh7 63. Bg2 Kg7 64. Rh2 Rd7 65. Bf1 Kh7 66. Rc2
Rc7 67. Rgg2 Kg7 68. Rg3 Kh7 69. Bg2 Kg7 70. Bh3 Kh7 71. Kg2 Kg7 72. Rf2 Kf8
73. Kg1 Re7 74. Rh2 Kg7 75. Bf1 Kh7 76. Rgh3 Rd7 77. Bg2 Rdd6 78. Rg3 Kg7 79.
Bf1 Kh7 80. Rgh3 Kg7 81. Be2 Kh7 82. Rf2 Kg7 83. Kf1 Kh7 84. Rfh2 Kg7 85. Rh5
Kh7 86. Kg1 Kg7 87. Bf1 Kh7 88. Rc2 Kg7 89. Bg2 Kh7 90. Bh1 Kg7 91. Rch2 Kh7
92. Rg2 Kg7 93. Rf2 Kh7 94. Bg2 Kg7 95. Rf1 Kh7 96. Bh1 Kg7 97. Rh3 Kh7 98.
Rg3 Kg7 99. Kg2 Kh7 100. Kg1 Kg7 101. Bg2 Kh7 102. Bh1 Kg7 103. Kg2 Kh7 104.
Kg1 Kg7 105. Kg2 Kh7 106. Kg1 Kg7 107. Kg2 Kh7 108. Kg1 Kg7 109. Bg2 {#d}
1/2-1/2

[Event "EIO (Reserve)"]
[Site "Pocatello, ID"]
[Date "2006.09.16"]
[Round "5.1"]
[White "Jiang, Robert Z"]
[Black "Bennett, Tavis L"]
[Result "0-1"]
[WhiteElo "874"]
[BlackElo "1207"]

1. e4 e5 2. Nf3 Nc6 3. Bb5 a6 4. Ba4 b5 5. Bb3 Bb7 6. d3 Nf6 7. Nc3 Bb4 8. a3
Bxc3+ 9. bxc3 a5 10. Bg5 a4 11. Ba2 h6 12. Bh4 g5 13. Bg3 Qe7 14. Qc1 O-O-O
15. O-O d5 16. Re1 dxe4 17. dxe4 Nh5 18. Qb2 Nxg3 19. fxg3 Qc5+ 20. Kh1 Rhf8
21. Red1 f6 22. Rxd8+ Nxd8 23. Qb4 Qxb4 24. axb4 Bxe4 25. Rc1 Bxf3 26. gxf3
Nc6 27. Be6+ Kb7 28. h3 Rd8 29. Kg2 Rd6 30. Bf5 Ne7 31. Be4+ Kb6 32. Kf2 f5
33. Bd3 c5 34. Ke2 c4 35. Bxc4 bxc4 {#R} 0-1

[Event "EIO (Skittles)"]
[Site "Pocatello, ID"]
[Date "2006.09.15"]
[Round "1.1"]
[White "Kircher, Caleb Paul"]
[Black "Jiang, Robert Z"]
[Result "1-0"]
[WhiteElo "1315"]
[BlackElo "874"]

1. e4 e5 2. Nf3 Nc6 3. Bc4 Nf6 4. d3 Bc5 5. O-O O-O 6. Nc3 d6 7. Bg5 h6 8. Be3
Bb6 9. Qd2 Bg4 10. Ne1 Nd4 11. h3 Bh5 12. g4 Bg6 13. Kh1 Qe7 14. Rg1 c5 15. g5
hxg5 16. Rxg5 Nh7 17. Rxg6 Kh8 18. Rg3 Qh4 19. Nd5 Bd8 20. c3 Ne6 21. Nf3 Qh5
22. Rag1 g6 23. d4 Bh4 24. Nxh4 Qxh4 25. f3 Rac8 26. dxc5 dxc5 27. Qg2 Rg8 28.
Rg4 Qh5 29. Ne7 Rg7 30. Nxc8 a6 31. Bxe6 fxe6 32. Bxc5 Qh6 33. Bd6 g5 34. Bxe5
{#r} 1-0

[Event "EIO (Open)"]
[Site "Pocatello, ID"]
[Date "2007.10.06"]
[Round "1.1"]
[White "Zumbrunnen, Randy D"]
[Black "Owen, Gary"]
[Result "1-0"]
[WhiteElo "2000"]
[BlackElo "1545"]

1. e4 e6 2. d3 d5 3. Nd2 Bc5 4. Ngf3 Nf6 5. e5 Nfd7 6. d4 Bb6 7. c4 c5 8. dxc5
Nxc5 9. b4 Ne4 10. Nxe4 dxe4 11. Qxd8+ Bxd8 12. Nd4 O-O 13. Bb2 Bd7 14. b5
Ba5+ 15. Ke2 Rd8 16. Ke3 Be8 17. Kxe4 Nd7 18. Nb3 Bb6 19. f4 Nc5+ 20. Nxc5
Bxc5 21. Bc3 Rd7 22. Be2 Rad8 23. Rhd1 Rxd1 24. Rxd1 Rxd1 25. Bxd1 a6 26. a4
axb5 27. cxb5 b6 28. Bd4 Bxd4 29. Kxd4 Kf8 30. a5 bxa5 31. b6 Bc6 32. Bf3 {#r}
1-0

[Event "EIO (Open)"]
[Site "Pocatello, ID"]
[Date "2007.10.06"]
[Round "1.2"]
[White "Harmon-Vellotti, Carl Honor"]
[Black "Morrow, Hans M"]
[Result "0-1"]
[WhiteElo "1541"]
[BlackElo "1900"]

1. c4 e5 2. Nc3 Nf6 3. d3 Nc6 4. Nf3 h6 5. g3 d6 6. Bg2 Be7 7. O-O Be6 8. e3
Bg4 9. Qc2 Qd7 10. a3 Bh3 11. b4 Bxg2 12. Kxg2 O-O 13. Bb2 Rfe8 14. Rac1 Bf8
15. Nd5 Ne7 16. Nxf6+ gxf6 17. Rcd1 Ng6 18. Qc3 b6 19. Nd2 Bg7 20. f4 exf4 21.
exf4 Re2+ 22. Rf2 Qg4 23. Nf3 Nxf4+ 24. Kf1 Qh3+ 25. Kg1 Rxf2 26. Kxf2 Qg2+
27. Ke3 Ng6 28. Rd2 Re8+ {#R} 0-1

[Event "EIO (Open)"]
[Site "Pocatello, ID"]
[Date "2007.10.06"]
[Round "1.4"]
[White "Yeaman, Donald"]
[Black "Roland, Jeffrey T"]
[Result "0-1"]
[WhiteElo "1193"]
[BlackElo "1709"]

1. e4 e6 2. a3 d5 3. e5 c5 4. c3 d4 5. cxd4 cxd4 6. Bc4 a6 7. d3 Nc6 8. Bf4
Qa5+ 9. Nd2 b5 10. b4 Qc7 11. Bb3 Nxe5 12. Qe2 Qc3 13. Rb1 Nxd3+ 14. Kd1 Bb7
15. Ne4 Nxf4 16. Nxc3 Nxe2 17. Ngxe2 dxc3 18. Nxc3 Bxg2 19. Re1 Bf3+ 20. Kc1
g6 21. Kb2 Bh6 22. Ne4 Rd8 23. Nc5 Rd2+ 24. Ka1 Bg7+ {#R} 0-1

[Event "EIO (Open)"]
[Site "Pocatello, ID"]
[Date "2007.10.06"]
[Round "1.5"]
[White "Hansen, Douglas John"]
[Black "Patterson, Emily N"]
[Result "1-0"]
[WhiteElo "1692"]
[BlackElo "1056"]

1. e4 e6 2. d3 d5 3. Nd2 c5 4. f4 Nc6 5. Ngf3 g6 6. g3 Bg7 7. c3 b5 8. Bg2
dxe4 9. Nxe4 Qe7 10. O-O f5 11. Neg5 h6 12. Nh3 Nf6 13. Ne5 Nxe5 14. fxe5 Rb8
15. exf6 Qxf6 16. Nf4 O-O 17. Re1 a5 18. Qb3 Re8 19. Be3 Bf8 20. Bf2 g5 21.
Bc6 Re7 22. Ng2 Ba6 23. Bxc5 Rc7 24. Rxe6 Bxc5+ 25. d4 Bxd4+ 26. cxd4 Qxd4+
27. Kh1 Kg7 28. Rae1 Rb6 29. Re7+ Rxe7 30. Rxe7+ Kh8 31. Re8+ Kg7 32. Qg8+ Kf6
33. Re6# 1-0

[Event "EIO (Open)"]
[Site "Pocatello, ID"]
[Date "2007.10.06"]
[Round "2.1"]
[White "Roland, Jeffrey T"]
[Black "Zumbrunnen, Randy D"]
[Result "1/2-1/2"]
[WhiteElo "1709"]
[BlackElo "2000"]

1. d4 d5 2. Nf3 Nc6 3. e3 Bg4 4. Be2 f6 5. c4 dxc4 6. Bxc4 Nh6 7. Nc3 a6 8.
Be2 e6 9. h3 Bxf3 10. Bxf3 Qd7 11. Qa4 Nd8 12. Qb3 Rb8 13. O-O c6 14. Rd1 Nf5
15. Ne4 Be7 16. Nc5 Qc8 17. Bg4 h5 18. Bxf5 exf5 19. Nd3 Ne6 20. Bd2 Qd7 21.
Bc3 Qd5 22. Qxd5 cxd5 23. Rac1 Kf7 24. Bb4 Rhc8 25. Bxe7 Kxe7 26. Rxc8 Rxc8
27. Rc1 Rxc1+ 28. Nxc1 f4 29. Nd3 fxe3 30. fxe3 Kd6 {#d} 1/2-1/2